000 00307nam a22001337a 4500
008 210302b ||||| |||| 00| 0 eng d
020 _a9780393933024
041 _aeng
080 _22nd
_a82
100 _a21
101 _aGJL
245 _aThe Norton Anthology of World Literature
_cWWN
942 _2udc
_cBK
999 _c55511
_d55511